ბათუმის შოთა რუსთაველის სახელმწიფო უნივერსიტეტის ბიბლიოთეკა

ეკონომიკისა და ბიზნესის ლექსიკონი (ბიბ.ჩანაწერი № 51318)

000 -LEADER
fixed length control field 00972nam a2200265Ia 4500
001 - CONTROL NUMBER
control field 18287
003 - CONTROL NUMBER IDENTIFIER
control field GE_BSU
008 - FIXED-LENGTH DATA ELEMENTS--GENERAL INFORMATION
fixed length control field 181216s||||||||xx |||||||||||||| ||und||
020 ## - INTERNATIONAL STANDARD BOOK NUMBER
International Standard Book Number 978-99940-875-2-5
040 ## - CATALOGING SOURCE
Transcribing agency GE_BSU
080 ## - UNIVERSAL DECIMAL CLASSIFICATION NUMBER
Universal Decimal Classification number 33(038) + 338.22(038)
100 ## - MAIN ENTRY--PERSONAL NAME
Personal name ასათიანი, როზეტა
245 ## - TITLE STATEMENT
Title ეკონომიკისა და ბიზნესის ლექსიკონი
245 ## - TITLE STATEMENT
Statement of responsibility, etc. სარედ. კოლ.: ვლადიმერ პაპავა და სხვ.
260 ## - PUBLICATION, DISTRIBUTION, ETC.
Place of publication, distribution, etc. თბილისი
260 ## - PUBLICATION, DISTRIBUTION, ETC.
Name of publisher, distributor, etc. სიახლე
260 ## - PUBLICATION, DISTRIBUTION, ETC.
Date of publication, distribution, etc. 2010
300 ## - PHYSICAL DESCRIPTION
Extent 480გვ. ; 20სმ.
300 ## - PHYSICAL DESCRIPTION
Accompanying material ანბ.-თემატ.საძიებელი: გვ.431-465
653 ## - INDEX TERM--UNCONTROLLED
Uncontrolled term ბიზნესი
653 ## - INDEX TERM--UNCONTROLLED
Uncontrolled term ეკონომიკა
653 ## - INDEX TERM--UNCONTROLLED
Uncontrolled term ეკონომიკისა და ბიზნესის ლექსიკონი
942 ## - ADDED ENTRY ELEMENTS (KOHA)
Koha item type წიგნი
ეგზემპლარები
Withdrawn status Lost status Damaged status Not for loan Date acquired Barcode Date last seen Price effective from Koha item type
        2018-12-17 46610 2018-12-17 2018-12-17 წიგნი
        2018-12-17 46611 2018-12-17 2018-12-17 წიგნი
        2018-12-17 46612 2018-12-17 2018-12-17 წიგნი